Statistics for Bleach General knowledge 1

Click here to take the quiz!

General Stats

  • This quiz has been taken 203 times
    (196 since last reset)
  • The average score is 6 of 8

Answer Stats

QuestionAnswer% Correct
Who the main character in Bleach?Ichigo
99%
what are the releases in zanpakuto called?Shikai and Bankai
95%
what is the strongest hollow class?Vasto Lordes
95%
Where do hollows live?Hueco Mundo
90%
what are races that are living beings?Humans, Quincy, and Fullbringers
86%
what happened to the humans who died with regrets?They are turn into hollows.
73%
How did visords get their powerShinigamis who have also obtained Hollow powers through "illegal means."
59%
how do Fullbringers get their powers?their mothers get attacked by a hollow before they were even born.
39%

Score Distribution

Percentile by Number Answered

Percent of People with Each Score

Your Score History

You have not taken this quiz since the last reset